Words that Begin with Silent Letters - Statistics

General Stats
  • This quiz has been taken 120 times
    106 since last reset
  • The average score is 10 of 15
Answer Stats
Hint Answer % Correct
A medieval warrior K Knight
92%
A large wave T Tsunami
92%
A standard unit of time H Hour
90%
An infection of the lungs P Pneumonia
88%
A potective lawn orniment G Gnome
86%
The sport of grappling with an opponent W Wrestling
86%
The study of the mind P Psychology
79%
A religious song or text, such as the ones by David P Psalm
78%
Flying dinosaur P Pterodactyl
70%
The Greek letter that makes the "ps" sound P Psi
60%
Respect paid to another person H Honor
55%
A Romantic Russia composer T Tchaikovsky
44%
Tricks for memorizing things M Mnemonics
34%
An early Greco-Egyptian scientist P Ptolemy
30%
An early knowledge-based cult of Christianity G Gnosticism
21%
No matching quizzes found
Score Distribution
Percent of People with Each Score
Percentile by Number Answered
Your Score History
You have not taken this quiz since the last reset